000 00426nam a2200157 i 4500
001 102119
003 ES-MaACL
005 20230906183040.0
007 t|
008 051103q1925 sp ||||1| spa d
110 2 _aFederación Universitaria Hispanoamericana (
_cMadrid)
_94119
245 1 0 _aMemoria 1924-1925.
260 _aMadrid :
_bG. Hernández,
_c[1925?]
300 _a44 p. ;
_c22 cm.
852 _aES-MaACL
_j1691-F-12
999 _c102119
_d102119